[Event "HCL-A081"]
[Site "www.playchess.de"]
[Date "2001.04.05"]
[Round "35"]
[White "entefada"]
[Black "jmcerna"]
[WhiteElo "1700"]
[BlackElo "1700"]
[PlyCount "28"]
[Result "0-1"]

1.e4 {hii}  c5 {Hi !}  2.b4 cxb4 3.d4 d5 4.e5 
{Hiii!}  Nc6 5.a3 Qb6 6.Nf3 Bg4 7.Be3 e6 8.Be2 
bxa3 9.O-O Qb2 10.Nbd2 a2 11.c4 Nb4 12.Qa4+ Nc6 
13.cxd5 exd5 14.Bb5 Bd7 0-1

[Event "HCL-A085"]
[Site "www.playchess.de"]
[Date "2001.04.05"]
[Round "1"]
[White "Tarrega"]
[Black "lottalove"]
[WhiteElo "1700"]
[BlackElo "1700"]
[PlyCount "79"]
[Result "1-0"]

1.e4 {Good Luck}  c5 2.Nf3 Nc6 3.c3 d5 4.exd5 Qxd5 
5.Be2 e5 6.O-O Nf6 7.c4 Qd8 8.Nc3 a6 9.Re1 Bd6 
10.d3 h6 11.b3 O-O 12.Bb2 Qc7 13.Ne4 Nxe4 14.dxe4 
f5 15.Bd3 f4 16.Nh4 Nd4 17.Bxd4 exd4 18.Qh5 Be5 
19.Ng6 Re8 20.Nxf4 Bg4 21.Qxg4 Bxf4 22.g3 Bd2 
23.Re2 Bc3 24.Rf1 Ref8 25.f4 Qc6 26.e5 Rae8 27.Be4 
Qb6 28.Qg6 Qxg6 29.Bxg6 Re6 30.Be4 Re7 31.h3 b5 
32.Bd5+ Kh7 33.Kg2 Rd8 34.Rf3 b4 35.g4 g6 36.h4 
Rf8 37.Kg3 g5 38.hxg5 hxg5 39.f5 d3 
40.Rh2+ 1-0

[Event "HCL-A080"]
[Site "www.playchess.de"]
[Date "2001.04.05"]
[Round "12"]
[White "swiety"]
[Black "Blitzmich"]
[WhiteElo "1700"]
[BlackElo "1844"]
[PlyCount "91"]
[Result "1-0"]

1.e4 {hello from nyc}  e5 {hello. I hope we have 
fun!}  2.Nf3 Nc6 3.Bb5 {where you from?}  Nf6 {My 
Hometown is Jena / Germany.}  4.O-O Nxe4 5.d4 exd4 
6.Re1 f5 7.Nxd4 Nxd4 8.Qxd4 c6 9.f3 b6 10.Qe5+ Qe7 
11.Qxf5 Qc5+ 12.Qxc5 Bxc5+ 13.Be3 O-O 14.Bxc6 dxc6 
15.fxe4 Bxe3+ 16.Rxe3 Bg4 17.Nc3 Rad8 18.h3 Be6 
19.Rd3 Rxd3 20.cxd3 Rd8 21.Rd1 c5 22.Kf2 Kf7 
23.Ke3 Kf6 24.d4 cxd4+ 25.Rxd4 Rc8 26.Nd5+ Ke5 
27.Nb4 g5 28.g4 h6 29.a3 Bc4 30.Rd7 a5 31.Nd3+ 
Bxd3 32.Kxd3 Rc1 33.Re7+ Kf4 34.Re6 Rd1+ 35.Kc4 
Rc1+ 36.Kb5 Rb1 37.Rxb6 Rxb2+ 38.Kxa5 Rh2 39.Rxh6 
Kxe4 40.a4 Kd5 41.Rh5 Kc6 42.Ka6 Ra2 43.a5 Ra3 
44.Rxg5 Rxh3 45.Rg6+ Kd5 46.g5 1-0

[Event "HCL-E029"]
[Site "www.playchess.de"]
[Date "2001.04.05"]
[Round "15"]
[White "klypp"]
[Black "flavoie"]
[WhiteElo "2132"]
[BlackElo "2000"]
[PlyCount "47"]
[Result "1-0"]

1.e4 e5 {Salut mon ami, je te souhaite une bonne 
partie...}  2.Nf3 {and good luck to you!}  Nf6 
3.Nc3 Bb4 4.Nd5 Nxd5 5.exd5 e4 6.Nd4 Qg5 7.Nb5 Qe5 
8.c3 Ba5 9.Bc4 c6 10.dxc6 dxc6 11.Na3 O-O 12.O-O 
Bc7 13.g3 Bf5 14.Re1 Qf6 15.d4 Qg6 16.Nc2 Nd7 
17.Ne3 Bh3 18.Ng2 Bxg2 19.Kxg2 Nb6 20.Bb3 Nd5 
21.Bd2 f5 22.Qe2 Rae8 23.Kh1 f4 
24.gxf4 1-0

[Event "ACL-A102"]
[Site "www.playchess.de"]
[Date "2001.04.05"]
[Round "7"]
[White "entefada"]
[Black "Crate"]
[WhiteElo "1500"]
[BlackElo "1500"]
[PlyCount "20"]
[Result "0-1"]

1.e4 {hiii}  c5 2.Nf3 d6 3.d4 cxd4 4.Nxd4 Nf6 
5.Nc3 a6 6.Bg5 Nbd7 7.f4 Qc7 8.Qf3 e6 9.O-O-O h6 
10.Qh3 Be7 0-1

[Event "CCL-E013"]
[Site "www.playchess.de"]
[Date "2001.04.05"]
[Round "1"]
[White "SETTLER"]
[Black "Chessy"]
[WhiteElo "2000"]
[BlackElo "2000"]
[PlyCount "57"]
[Result "1/2-1/2"]

1.e4 {schönes Spiel!}  c5 {Hallo! Wünsche ich uns 
auch!}  2.Nf3 d6 3.d4 cxd4 4.Nxd4 Nf6 5.Nc3 g6 
6.Be3 Bg7 7.f3 O-O 8.Qd2 Nc6 9.Bc4 Nxd4 10.Bxd4 
Qa5 11.O-O-O Be6 12.Bb3 Rfc8 13.Kb1 Rc6 14.h4 Bxb3 
15.cxb3 h5 16.Bxf6 Bxf6 17.Nd5 Qxd2 18.Nxf6+ Kf8 
19.Rxd2 exf6 20.g4 hxg4 21.fxg4 Re8 22.Rd4 Ke7 
23.h5 Ke6 24.h6 Rh8 25.h7 Ke5 26.Rd2 Kf4 27.Rf2+ 
Kg5 28.Rff1 b6 29.Rf2 1/2-1/2

[Event "HCL-C197"]
[Site "www.playchess.de"]
[Date "2001.04.05"]
[Round "3"]
[White "burtle"]
[Black "Pineywoods"]
[WhiteElo "1000"]
[BlackElo "1000"]
[PlyCount "68"]
[Result "0-1"]

1.d4 Nf6 2.a4 g6 3.Nc3 Bg7 4.Nf3 O-O 5.Ra3 d5 6.g4 
Bxg4 7.Nd2 Nc6 8.h3 Bf5 9.f4 Nxd4 10.Nf3 Nxc2+ 
11.Kf2 Nxa3 12.bxa3 Ne4+ 13.Nxe4 Bxe4 14.Bg2 f5 
15.Qb3 Rb8 16.Rd1 c6 17.Be3 b6 18.Rc1 Qc7 19.h4 h5 
20.Bd4 Bxd4+ 21.Nxd4 Qxf4+ 22.Bf3 Qxc1 23.Ne6 Rf6 
24.Nc7 Bxf3 25.Qxf3 Rc8 26.Na6 e5 27.Nb4 Qf4 
28.Qxf4 exf4 29.Kf3 Re6 30.Kxf4 Rxe2 31.Nd3 c5 
32.Nc1 Re4+ 33.Kg5 Kg7 34.Nd3 Rg4+ 0-1

[Event "ACL-A105"]
[Site "www.playchess.de"]
[Date "2001.04.05"]
[Round "18"]
[White "Kbeza2"]
[Black "Chess_man_Mark"]
[WhiteElo "1500"]
[BlackElo "1500"]
[PlyCount "33"]
[Result "1-0"]

1.f4 f5 2.e3 d5 3.Nf3 Nc6 4.d4 Nf6 5.c4 e6 6.a3 
dxc4 7.Bxc4 Bd6 8.Nbd2 Ng4 9.Qe2 O-O 10.h3 Nf6 
11.b4 a6 12.Bb2 b5 13.Ba2 Nh5 14.Qf2 Qe7 15.g4 
fxg4 16.hxg4 Nf6 17.Qh4 1-0

[Event "HCL-C205"]
[Site "www.playchess.de"]
[Date "2001.04.05"]
[Round "6"]
[White "xerxes2u"]
[Black "Zooey"]
[WhiteElo "1379"]
[BlackElo "1508"]
[PlyCount "72"]
[Result "0-1"]

1.Nf3 Nf6 {Hello!}  2.g3 Nc6 3.Bg2 {Hello}  e5 
4.d3 d5 5.Nbd2 Bc5 6.O-O O-O 7.e4 dxe4 8.dxe4 Bg4 
9.c3 Qe7 10.Qc2 Rad8 11.a3 Be6 12.b4 Bb6 13.a4 a6 
14.b5 axb5 15.axb5 Na5 16.Ba3 c5 17.bxc6 Bc5 
18.Bxc5 Qxc5 19.cxb7 Nxb7 20.Rac1 Nd6 21.Rfe1 Ng4 
22.Re2 Rda8 23.h3 Nf6 24.Nh4 Nh5 25.Kh2 Rfd8 26.f3 
Ra2 27.Qd1 Qc7 28.Qe1 Nb5 29.Nb1 Rxe2 30.Qxe2 Nd4 
31.Qe1 {Just us two now}  Nb5 {And I need to win 
to win.Listen,why don't u celebrate Sunday, get 
really drunk,then move blinfold?}  32.Nf5 {Win? 
Ish (hic) thash what thish is all aout?}  Bxf5 
{Yes. But, like my old coach used to say: it's 
never too late to quit...}  33.exf5 {Sounds like 
mine. He encouraged us to offer a draw before move 
10}  Nd6 {A very progressive and dynamical 
attitude. My 'coach' was a local marathon 
organizer/joker.}  34.g4 Nf4 {Where abouts in the 
US do you come from?}  35.Qxe5 {Illinois}  Nd3 
{probably 20 x my Copenhagen}  36.Qg3 
Nxc1 0-1

[Event "HCL-B202"]
[Site "www.playchess.de"]
[Date "2001.04.05"]
[Round "18"]
[White "Gamlet"]
[Black "Colm"]
[WhiteElo "1500"]
[BlackElo "1283"]
[PlyCount "61"]
[Result "1-0"]

1.e4 e5 2.Nf3 Nf6 3.d4 Nxe4 4.Bd3 d5 5.Nxe5 Nd7 
6.Nxd7 Bxd7 7.O-O Be7 8.Re1 Nd6 9.Bg5 Be6 10.Bxe7 
Qxe7 11.c4 c6 12.cxd5 cxd5 13.Nc3 Qg5 14.Qa4+ Kf8 
15.Qb4 Rd8 16.Rac1 a6 17.Na4 g6 18.Nc5 Bh3 19.g3 
Kg7 20.Nxb7 Nxb7 21.Qxb7 Rdb8 22.Qe7 Qd2 23.Qe5+ 
Kh6 24.Rcd1 Qa5 25.g4 Rhe8 26.g5+ Kh5 27.Be2+ Bg4 
28.Bxg4+ Kxg4 {this looks grim !}  29.Qg3+ Kf5 
30.Re5+ Rxe5 31.Qxe5+ 1-0

[Event "HCL-B202"]
[Site "www.playchess.de"]
[Date "2001.04.05"]
[Round "30"]
[White "Pietros"]
[Black "patzer"]
[WhiteElo "1290"]
[BlackElo "1250"]
[PlyCount "47"]
[Result "1-0"]

1.e4 e5 2.Nf3 Nc6 3.Nc3 Nf6 4.d4 exd4 5.Nxd4 Bb4 
6.Nxc6 dxc6 7.Qxd8+ Kxd8 8.Bg5 Bxc3+ 9.bxc3 Re8 
10.Bc4 Rxe4+ 11.Be2 Ke7 12.Be3 Be6 13.O-O a5 
14.Rfe1 Nd5 15.Bf3 Nxe3 16.Bxe4 Nc4 17.Rab1 Nd6 
18.Bxh7 g6 19.Re3 Nc4 20.Rg3 Rd8 21.f4 Bf5 22.Rxb7 
Rd7 23.h3 Kf6 24.Rb8 1-0

[Event "HCL-E034"]
[Site "www.playchess.de"]
[Date "2001.04.05"]
[Round "4"]
[White "Werner"]
[Black "O1"]
[WhiteElo "1895"]
[BlackElo "2000"]
[PlyCount "37"]
[Result "1-0"]

1.e4 e5 2.f4 {Hi! Good luck!!!}  exf4 {Good Luck!} 
 3.Nf3 g5 4.Bc4 Bg7 5.O-O h6 6.d4 d6 7.c3 Nc6 8.h4 
Nf6 9.hxg5 Nxe4 10.gxh6 Bxh6 11.d5 Ne5 12.Qd4 Ng3 
13.Re1 Bg7 14.Qxf4 Rh1+ 15.Kf2 Rxe1 16.Kxe1 Nxc4 
17.Qxc4 Qe7+ 18.Kd1 Bd7 19.Bf4 1-0

[Event "HCL-A095"]
[Site "www.playchess.de"]
[Date "2001.04.05"]
[Round "10"]
[White "jmcerna"]
[Black "aldo"]
[WhiteElo "1721"]
[BlackElo "1820"]
[PlyCount "40"]
[Result "0-1"]

1.e4 {Hola Aldo.}  e5 2.Nf3 Nc6 3.Bb5 a6 4.Ba4 Nf6 
5.d3 b5 6.Bb3 Be7 7.c3 O-O 8.Nbd2 d6 9.Nf1 Bb7 
10.Ng3 h6 11.O-O Na5 12.Bc2 c5 13.Nf5 Re8 14.N3h4 
Bf8 15.Qf3 Kh7 16.Qg3 g6 17.Ne3 Nh5 18.Qf3 Qxh4 
19.Qxf7+ Bg7 20.b4 Re7 0-1

[Event "ACL-A116"]
[Site "www.playchess.de"]
[Date "2001.04.05"]
[Round "4"]
[White "Loge"]
[Black "Mathew_Cooke"]
[WhiteElo "1500"]
[BlackElo "1500"]
[PlyCount "33"]
[Result "1-0"]

1.e4 e5 2.Nf3 Nc6 3.Bc4 Nf6 4.d4 exd4 5.O-O Bc5 
6.e5 Nxe5 7.Nxe5 d5 8.Bb5+ c6 9.Nxc6 Qb6 10.Qe2+ 
Be6 11.Nxd4+ Nd7 12.Nxe6 fxe6 13.Nc3 O-O-O 14.Bg5 
Rdf8 15.Na4 Qd6 16.Bxd7+ Kxd7 17.Qb5+ 1-0

[Event "HCL-M014"]
[Site "www.playchess.de"]
[Date "2001.04.05"]
[Round "5"]
[White "Bob-Arctor"]
[Black "julianlore"]
[WhiteElo "2200"]
[BlackElo "2300"]
[PlyCount "44"]
[Result "0-1"]

1.d4 {Hello I am happy to play with you !}  Nf6 
{Hi. I'm Happy too :-)!}  2.Bg5 {I am new here ! 
It seem to be a very cool site for playing corr 
game !}  Ne4 {Right! I'm new too and I'like this!} 
 3.Bf4 {Do you have a FIDE rating ?}  c5 {2371, 
but iccf}  4.d5 Qb6 5.Nd2 Qxb2 6.Nxe4 Qb4+ 7.Qd2 
Qxe4 8.e3 d6 9.Nf3 Qa4 10.Rb1 {Have you ever play 
this variation of the Trompovski ? Do you use a 
book ?}  Nd7 {I played some Trompovski games but 
not this line. I use a DataBase, and you?}  11.Bb5 
{I use a database too. d6 and Da4 seem strange to 
me :-))}  Qe4 {d6. Game Adebayo-Ahn ol Elista 
1998}  12.O-O h6 13.Qc3 a6 14.Bc4 b5 15.Nd2 Qh7 
16.Bd3 g6 17.Qa5 {I didin't see Qh7 ! not a good 
surprise for me !}  Bg7 18.Bxb5 {I really feared 
17...c4 instead of Bg7 have you look at that ?}  
O-O 19.Bxd7 Bxd7 {After 18.Bxc4 you have Qc7 and I 
dont like that}  20.Rb7 Rfd8 21.e4 Qh8 22.Rfb1 
Kh7 0-1

[Event "HCL-B219"]
[Site "www.playchess.de"]
[Date "2001.04.05"]
[Round "4"]
[White "CHARON"]
[Black "Whatever"]
[WhiteElo "1527"]
[BlackElo "1473"]
[PlyCount "47"]
[Result "1-0"]

1.e4 c5 {Have a good game.}  2.Nf3 Nc6 3.d4 cxd4 
4.Nxd4 g6 5.c4 Bg7 6.Be3 Nf6 7.Nc3 O-O 8.Bd3 d6 
9.O-O Bd7 10.f3 Qb6 11.Na4 Qd8 12.Nb5 Ne5 13.Be2 
Bxb5 14.cxb5 b6 15.Rc1 Rc8 16.Qd2 Ned7 17.b4 Nb8 
18.Rxc8 Qxc8 19.Rc1 Qd7 20.Qc2 d5 21.e5 Ne8 22.f4 
e6 23.Qc8 f6 24.Qxb8 1-0

[Event "HCL-C213"]
[Site "www.playchess.de"]
[Date "2001.04.05"]
[Round "33"]
[White "chico"]
[Black "lienk"]
[WhiteElo "1000"]
[BlackElo "1070"]
[PlyCount "71"]
[Result "1-0"]

1.e4 e5 2.Nf3 Nc6 3.a3 Nf6 4.Nc3 Bd6 5.Bc4 h6 6.d3 
O-O 7.Nh4 Nd4 8.g4 Be7 9.Ng6 d5 10.Nxe7+ Qxe7 
11.Nxd5 Nxd5 12.Bxd5 c6 13.Ba2 Qh4 14.h3 b5 15.c3 
Ne6 16.Qf3 Ng5 17.Qg3 Qxg3 18.fxg3 Rd8 19.Ke2 Ba6 
20.b4 Rd7 21.h4 Ne6 22.g5 Kh7 23.g6+ Kg8 24.Rf1 
Bc8 25.Be3 Nf8 26.gxf7+ Kh7 27.Bc5 Bb7 28.Rf5 Rad8 
29.Rd1 Bc8 30.Rxe5 Kg6 31.Re8 Rxf7 32.Bxf7+ Kxf7 
33.Rxd8 Bg4+ 34.Kd2 Bxd1 35.Rxf8+ Kg6 
36.Kxd1 1-0

[Event "HCL-C224"]
[Site "www.playchess.de"]
[Date "2001.04.05"]
[Round "17"]
[White "Brazil"]
[Black "DrNickRiviera"]
[WhiteElo "1734"]
[BlackElo "1074"]
[PlyCount "65"]
[Result "1-0"]

1.e4 Nc6 2.Nf3 e5 3.Bb5 Bc5 4.O-O Nf6 5.d3 Ng4 
6.h3 Bxf2+ 7.Rxf2 Nxf2 8.Kxf2 a6 9.Ba4 Nd4 10.Nxd4 
exd4 11.Qg4 b5 12.Bb3 d6 13.Qf3 Be6 14.Qg3 h6 
15.Qxg7 Qh4+ 16.g3 Ke7 17.gxh4 Rag8 18.Qxh8 Rxh8 
19.Bxe6 fxe6 20.Bd2 h5 21.Bg5+ Kd7 22.Nd2 Rf8+ 
23.Ke2 d5 24.Rf1 Rxf1 25.Kxf1 c5 26.Kf2 c4 27.Bf6 
cxd3 28.cxd3 Kc6 29.Bxd4 b4 30.a3 Kb5 31.axb4 Kxb4 
32.exd5 exd5 33.Kf3 1-0

[Event "HCL-C224"]
[Site "www.playchess.de"]
[Date "2001.04.05"]
[Round "28"]
[White "DrNickRiviera"]
[Black "flywheel"]
[WhiteElo "1074"]
[BlackElo "1207"]
[PlyCount "50"]
[Result "0-1"]

1.d4 d5 2.Nf3 Bg4 3.b3 e6 4.e3 Bb4+ 5.c3 Ba5 
6.Bb5+ Nc6 7.b4 Bb6 8.Qa4 Qd7 9.Ne5 Qd8 10.Nxc6 
bxc6 11.Bxc6+ Ke7 12.Bxa8 Qxa8 13.b5 Nf6 14.Ba3+ 
Kd7 15.Bc5 a5 16.Nd2 Ne4 17.Nb3 Nxc3 18.Qa3 Nxb5 
19.Qa4 Bxc5 20.Qxb5+ Qc6 21.Nxc5+ Kd6 22.Qxa5 e5 
23.Ne4+ dxe4 24.Qxe5+ Kd7 25.Qxg7 
Qc3+ 0-1

[Event "HCL-C226"]
[Site "www.playchess.de"]
[Date "2001.04.05"]
[Round "9"]
[White "flywheel"]
[Black "chvs2002"]
[WhiteElo "1207"]
[BlackElo "1000"]
[PlyCount "40"]
[Result "0-1"]

1.d4 d5 2.Nc3 e6 3.Nf3 Nf6 4.Bg5 Nc6 5.e4 h6 6.Bh4 
g5 7.Bg3 Bd7 8.e5 Ne4 9.Bb5 Qe7 10.a3 Nxg3 11.hxg3 
O-O-O 12.O-O g4 13.Nh2 h5 14.a4 f6 15.exf6 Qxf6 
16.a5 Nxd4 17.Bxd7+ Rxd7 18.f3 Bc5 19.fxg4 Ne2+ 
20.Kh1 Nxg3+ 0-1

[Event "HCL-A101"]
[Site "www.playchess.de"]
[Date "2001.04.05"]
[Round "5"]
[White "mrchess"]
[Black "markjburden"]
[WhiteElo "1558"]
[BlackElo "1367"]
[PlyCount "89"]
[Result "1-0"]

1.d4 {have a nice game}  d5 {thx good luck}  2.c4 
e6 3.Nc3 Bb4 4.Qc2 Nf6 5.Bg5 h6 6.Bh4 Nc6 7.e3 O-O 
8.Bd3 a5 9.Nf3 g5 10.Bg3 dxc4 11.Bxc4 b6 12.O-O 
Bxc3 13.bxc3 Bb7 14.e4 Ne7 15.Rfe1 Ng6 16.Ne5 Nxe5 
17.Bxe5 Ng4 18.Bg3 Nf6 19.f3 Qd7 20.a4 Bc6 21.Qb3 
Rad8 22.Bb5 Bxb5 23.Qxb5 Qxb5 24.axb5 Rdc8 25.Bf2 
Rfd8 26.Ra4 Ne8 27.h4 f6 28.hxg5 hxg5 29.Be3 Nd6 
30.c4 Nb7 31.Kf2 Kg7 32.Ke2 c5 33.dxc5 bxc5 34.Bd2 
Rca8 35.Rea1 Rdh8 36.Bxa5 Nxa5 37.R4xa5 Rad8 
38.Rd1 Rxd1 39.Kxd1 Rh1+ 40.Ke2 Rc1 41.b6 Rxc4 
42.Rb5 Rc2+ 43.Kd3 Rxg2 44.b7 c4+ 
45.Kxc4 1-0

[Event "HCL-B228"]
[Site "www.playchess.de"]
[Date "2001.04.05"]
[Round "5"]
[White "xenium"]
[Black "Arcant"]
[WhiteElo "1200"]
[BlackElo "1902"]
[PlyCount "47"]
[Result "1-0"]

1.Nf3 d6 {Hello-looking forward to a good game}  
2.d4 {tanks. sorry but I'not speak english. Good 
luck}  Nd7 3.e4 g6 4.Nc3 Bg7 5.Be2 c6 6.O-O e6 
7.Nb1 d5 8.e5 h6 9.Nc3 Ne7 10.a4 O-O 11.b4 b6 
12.Bb2 Nf5 13.Qd2 c5 14.bxc5 bxc5 15.Ba3 cxd4 
16.Nb5 d3 17.Bxd3 Nxe5 18.Nxe5 Bxe5 19.Rae1 f6 
20.Bxf5 gxf5 21.f4 Bb8 22.Bxf8 Qxf8 23.Qc3 Kf7 
24.Qc6 1-0

[Event "ACL-A125"]
[Site "www.playchess.de"]
[Date "2001.04.05"]
[Round "8"]
[White "daniela"]
[Black "Zsozso"]
[WhiteElo "1454"]
[BlackElo "1641"]
[PlyCount "28"]
[Result "0-1"]

1.e4 {hello, I wish us an interesting game.}  c5 
{Hello Daniela! Good game!}  2.Nf3 {Thanks. Where 
do you live?}  Nc6 {I live in Zalaegerszeg in 
Hungary. And you?}  3.d4 {... in Frankfurt, in 
Germany. Are you at work?}  cxd4 {Yes, I am. Are 
you at home?}  4.Nxd4 {Yes, I have my youngest sun 
also at home. He is 4 month old.}  Nf6 {I have two 
sons, the younger is 6 months old.}  5.Nc3 {My 2. 
sun is 4 years old.}  e5 {My elder son is 3 years 
old.}  6.Nf5 {I think you have also stress with 
both kids.}  d5 {They changed our lives.}  7.Ng3 
{Well ... and sometimes we wish us more time for 
our own.}  d4 {I know. Where did you work?}  
8.Nce2 {I stay at home with my little sun of 4 
month. I'm not working in the moment.}  Bc5 9.Bg5 
{You mean in the past? I worked at home with an 
other kid like in a kindergarden. Do you 
understand?}  Qb6 {I see. You are very young.}  
10.Bxf6 {It's not really a question of age. In 
future i will be a self-employed nursery-school.}  
gxf6 {Do you like looking after children?}  11.Rb1 
{Yes, why not. It could be an interesting job.}  
d3 {It must be.}  12.Qxd3 {Now I get some problems 
with my king.}  Nb4 {You would have castled.}  
13.Qd2 {I think, it is too late.}  Bxf2+ {I think 
so.}  14.Kd1 {What about your other games can you 
say?}  Be3 {I'll try to be among the first three.} 
 0-1

[Event "HCL-A099"]
[Site "www.playchess.de"]
[Date "2001.04.05"]
[Round "5"]
[White "janus"]
[Black "Anshum"]
[WhiteElo "1827"]
[BlackElo "1360"]
[PlyCount "25"]
[Result "1-0"]

1.e4 {Good luck and a fair game ! Greetings from 
Germany}  e5 2.f4 Bc5 3.Nf3 d6 4.Bc4 Nf6 5.Nc3 Bg4 
6.fxe5 Bxf3 7.Qxf3 dxe5 8.d3 Nc6 9.Qg3 Qe7 10.Rf1 
O-O 11.Bg5 Kh8 12.Nd5 Nh5 13.Bxe7 1-0

[Event "HCL-B237"]
[Site "www.playchess.de"]
[Date "2001.04.05"]
[Round "10"]
[White "DrJon"]
[Black "sboehnisch"]
[WhiteElo "1372"]
[BlackElo "1200"]
[PlyCount "65"]
[Result "1-0"]

1.d4 {been traveling in Idaho, hello from 
Cheyenne, Wyoming, USA}  Nf6 2.Nf3 b5 3.e4 {Hope 
you are having a pleasant weekend.}  Nxe4 4.Bxb5 
{sharp game}  c6 5.Bd3 d5 6.Bxe4 Bg4 7.Bd3 e6 
8.O-O c5 9.Be3 c4 10.Be2 Bd6 11.Nc3 Nc6 12.Re1 
Bxf3 13.Bxf3 O-O 14.Ne2 Rb8 15.b3 cxb3 16.axb3 Qc7 
17.h3 Nb4 18.c3 Nc6 19.c4 dxc4 20.bxc4 e5 21.dxe5 
Nxe5 22.Rxa7 Qxc4 23.Qxd6 {the queens charge 
forward}  Nd3 24.Rea1 h6 25.Rxf7 {rooks charge 
forward}  Rbd8 26.Rxg7+ {mate in 7 moves I think}  
Kxg7 {that´s possible}  27.Ra7+ {best of luck}  
Qf7 28.Rxf7+ Rxf7 29.Qxd8 Ne5 30.Bd5 Rd7 31.Qg8+ 
Kf6 32.Qe6+ {thanks for a good game}  Kg7 {thank 
you too}  33.Qxh6+ 1-0

[Event "ACL-A129"]
[Site "www.playchess.de"]
[Date "2001.04.05"]
[Round "5"]
[White "Swift_Dist"]
[Black "pirco"]
[WhiteElo "1500"]
[BlackElo "1500"]
[PlyCount "30"]
[Result "0-1"]

1.e4 d5 2.exd5 Qxd5 3.Nc3 Qa5 4.a3 c6 5.b4 Qd8 
6.Bd3 Nf6 7.Ne4 Nxe4 8.Bxe4 Qd4 9.c3 {good move}  
Qxe4+ 10.Qe2 Qxg2 11.Qf1 Qxh1 12.Nf3 Qxf3 13.c4 
Bf5 14.d4 Qc3+ 15.Ke2 Bd3+ 0-1

[Event "HCL-C228"]
[Site "www.playchess.de"]
[Date "2001.04.05"]
[Round "34"]
[White "guigao"]
[Black "Yurispb"]
[WhiteElo "1360"]
[BlackElo "1000"]
[PlyCount "80"]
[Result "0-1"]

1.e4 c5 2.Nf3 d6 3.h3 e6 4.Bc4 Nf6 5.Nc3 a6 6.d4 
b5 7.Bd3 c4 8.Be2 Bb7 9.Bg5 Be7 10.e5 dxe5 11.dxe5 
Nd5 12.Bxe7 Qxe7 13.Ne4 O-O 14.Nd6 Nc6 15.Qd2 Nxe5 
16.Nxb7 Nxf3+ 17.Bxf3 Qxb7 18.O-O Rad8 19.Rfd1 Qc7 
20.Qg5 h6 21.Qh4 c3 22.b3 Nf6 23.Qb4 e5 24.Be4 a5 
25.Qxb5 Nxe4 26.Rde1 Rd4 27.f3 Nc5 28.Re3 Nd7 
29.Rc1 Rc8 30.a4 Qa7 31.Qe2 Rd2 32.Qe1 f5 33.Kh1 
Qd4 34.Rd3 Rxd3 35.cxd3 c2 36.Qxa5 Qxd3 37.Qb5 
Qd1+ 38.Rxd1 cxd1Q+ {%}  39.Kh2 Qd2 40.Qa6 
Qf4+ 0-1

[Event "ACL-A113"]
[Site "www.playchess.de"]
[Date "2001.04.05"]
[Round "15"]
[White "bomber"]
[Black "foxzy"]
[WhiteElo "1500"]
[BlackElo "1266"]
[PlyCount "26"]
[Result "0-1"]

1.d4 d5 2.f3 Nc6 3.e3 Nf6 4.Bb5 Bd7 5.Ne2 {hello}  
e6 {Hello!}  6.Nbc3 Bb4 7.O-O O-O 8.Bd2 a6 9.Ba4 
b5 10.Bb3 Ne7 11.a3 Ba5 12.Nb1 Bb6 13.Nbc3 
c5 0-1

[Event "ACL-A113"]
[Site "www.playchess.de"]
[Date "2001.04.05"]
[Round "21"]
[White "foxzy"]
[Black "deadeasy"]
[WhiteElo "1266"]
[BlackElo "1500"]
[PlyCount "72"]
[Result "0-1"]

1.e4 c5 {fair distribution of the white pieces 
;-)}  2.Nf3 {This is our second game, right?}  Nc6 
{yep. you are fair, you play d4 in one and e4 in 
the other}  3.d4 cxd4 4.Nxd4 Nf6 5.Nc3 e5 6.Nf3 
Bb4 7.Bd2 Bxc3 8.Bxc3 Nxe4 9.Bxe5 Nxe5 10.Nxe5 
Qa5+ 11.c3 Qxe5 12.Qd3 Nc5+ 13.Qe2 Nd3+ 14.Kd2 
Qxe2+ 15.Bxe2 Nxf2 16.Rhe1 Ne4+ 17.Kc2 O-O 18.Bc4 
Nf6 19.Rad1 d5 20.Bxd5 Nxd5 21.Rxd5 Be6 22.Ra5 
Rfe8 23.Kc1 g6 24.Rae5 Bd7 25.R5xe8+ Rxe8 26.Rd1 
Bc6 27.g3 Re2 28.h4 h5 29.Rd8+ Kg7 30.Rd3 Rf2 
31.a3 Rf3 32.Kd2 Rxd3+ 33.Kxd3 Kf6 34.b4 Kf5 
35.Ke3 Kg4 36.Kf2 b5 0-1

[Event "HCL-B245"]
[Site "www.playchess.de"]
[Date "2001.04.05"]
[Round "6"]
[White "SAROS"]
[Black "Mother_Teresa"]
[WhiteElo "1278"]
[BlackElo "1174"]
[PlyCount "81"]
[Result "1-0"]

1.e4 {hello from Turkey}  e5 2.Nf3 Nc6 3.c3 Bc5 
4.Bb5 d6 5.Bxc6+ bxc6 6.a4 a5 7.d4 exd4 8.cxd4 
Bb4+ 9.Bd2 Bg4 10.Bxb4 axb4 11.Nbd2 Nf6 12.O-O O-O 
13.Re1 Re8 14.Qc2 Qd7 15.Re3 c5 16.b3 cxd4 17.Ree1 
c5 18.e5 Nd5 19.exd6 Qxd6 20.Ng5 g6 21.Nde4 Qe7 
22.Qxc5 Qxc5 23.Nxc5 {??}  h6 24.h3 hxg5 25.hxg4 
Rec8 26.Ne4 f6 27.Rac1 Rxc1 28.Rxc1 Kg7 29.Rc4 d3 
30.Rd4 Nf4 31.Rxb4 Rd8 32.Nd2 Ne2+ 33.Kf1 Rc8 
34.Rc4 {i see that you also like chess too much , 
you never leave from the board}  Rh8 {I like chess 
but not so much to study it.  I lose a lot.}  
35.Rc7+ {You are right , i have the same probl.Not 
study , much playing game and lose a lot}  Kh6 
36.Rd7 Nf4 37.g3 Ne2 38.Rxd3 Re8 39.Re3 Rxe3 
40.fxe3 Nxg3+ 41.Kf2 1-0

[Event "HCL-B233"]
[Site "www.playchess.de"]
[Date "2001.04.05"]
[Round "34"]
[White "runciter"]
[Black "ademarmr"]
[WhiteElo "1545"]
[BlackElo "1714"]
[PlyCount "61"]
[Result "1-0"]

1.e4 c5 2.Nf3 d6 3.d4 cxd4 4.Nxd4 Nf6 5.Nc3 e5 
6.Bb5+ Bd7 7.Bxd7+ Nbxd7 8.Nf5 h6 9.Nxd6+ Bxd6 
10.Qxd6 Rc8 11.Be3 Rc6 12.Qb4 b6 13.h3 Nc5 14.Bxc5 
Rxc5 15.Qa4+ Nd7 16.Qxa7 Ra5 17.Qb7 O-O 18.Rd1 Nc5 
19.Rxd8 Nxb7 20.Rd7 Nc5 21.Re7 f6 22.b4 Ra3 {very 
bad!}  23.bxc5 Rxc3 24.cxb6 Rxc2 25.O-O Rb8 26.Rb1 
Rxa2 27.b7 Ra7 28.Rc7 Kh7 29.Rb3 h5 30.Rg3 Raxb7 
31.Rgxg7+ 1-0

[Event "HCL-B248"]
[Site "www.playchess.de"]
[Date "2001.04.05"]
[Round "9"]
[White "DIG"]
[Black "paulGM"]
[WhiteElo "1500"]
[BlackElo "1500"]
[PlyCount "33"]
[Result "1-0"]

1.d4 Nf6 {goodluck!}  2.Nf3 d6 3.e3 g6 4.Nbd2 Bg7 
5.Bb5+ c6 6.Bd3 O-O 7.O-O Nbd7 8.e4 e5 9.c3 Re8 
10.Nc4 Qe7 11.Re1 b5 12.Na5 c5 13.dxe5 Nxe5 
14.Nxe5 dxe5 15.Bxb5 Rd8 16.Nc6 Rxd1 
17.Nxe7+ 1-0

[Event "HCL-C250"]
[Site "www.playchess.de"]
[Date "2001.04.05"]
[Round "3"]
[White "myung"]
[Black "Chopz8va"]
[WhiteElo "1000"]
[BlackElo "1136"]
[PlyCount "72"]
[Result "0-1"]

1.e4 e5 {hi}  2.d3 Nf6 3.Nf3 Nc6 4.d4 Nxd4 5.Nxd4 
exd4 6.Bg5 Qe7 7.c3 Qxe4+ 8.Qe2 d3 9.Qe3 Bc5 
10.Qxe4+ Nxe4 11.Be3 d6 12.Bxd3 Bxe3 13.Bxe4 Bc1 
14.a3 O-O 15.b4 Re8 16.f3 d5 17.O-O Be3+ 18.Kh1 
dxe4 19.Re1 exf3 20.gxf3 Bh3 21.Re2 Rad8 22.Re1 
Bf2 23.Rxe8+ Rxe8 24.Nd2 Re1+ 25.Rxe1 Bxe1 26.Ne4 
f5 27.Ng5 Bf1 28.Kg1 Bd3 29.Ne6 c6 30.Nf4 Bc4 
31.Kg2 g5 32.Ne6 Bxe6 33.h3 Bc4 34.Kh2 h5 35.Kg2 
b6 36.a4 Bxc3 0-1